Normal view MARC view
  • Robles Sánchez, Francisco Javier

Entry Nombre Personal

Number of records used in: 1

001 - NUMERO DE CONTROL

  • campo de control: 60200

003 - IDENTIFICADOR DE NUMERO DE CONTROL

  • campo de control: UPN

005 - FECHA Y HORA DE LA ÜLTIMA TRANSACCIÓN

  • campo de control: 20260702141432.0

008 - DATOS DE LONGITUD FIJA

  • campo de control de longitud fija: 260702|| ac|||aabn | a|a d

040 ## - FUENTE DE CATALOGACIÓN

  • Agencia original de catalogación: MX-MxUPN

100 1# - ENCABEZAMIENTO - NOMBRE PERSONAL

  • Nombre personal: Robles Sánchez, Francisco Javier

370 ## - LUGAR ASOCIADO

  • Place of birth: España

371 ## - DIRECCIÓN

  • Electronic mail address: jrobles@iesa.csic.es

373 ## - GRUPO ASOCIADO

  • Associated group: CSIC. Instituto de Estudios Sociales Avanzados

374 ## - OCUPACIÓN

  • Occupation: Docencia e investigación universitarias

670 ## - FUENTE EN LA QUE SE LOCALIZARON DATOS

  • Cita de la fuente: En recurso en línea: REIS, No. 193 (2025)
  • Información localizada: (Francisco Javier Robles Sánchez)
  • Uniform Resource Identifier: https://reis.cis.es/index.php/reis/article/view/2516/3089

902 ## - CATALOGADOR

  • Catalogador: Leonor Sotres/020726